000 01468cam a2200325 a 4500
001 14398596
003 OSt
005 20180117085941.0
008 060602s2006 nyuk bf 000 0 eng
010 _a 2006277150
020 _a1593852274
040 _aDLC
_cDLC
_dDLC
050 0 0 _aRJ496.A86
_bB369 2006
082 0 0 _a618.92/8589
_222
100 1 _aBarkley, Russell A.,
_d1949-
245 1 0 _aAttention-deficit hyperactivity disorder :
_ba clinical workbook /
_cRussell A. Barkley and Kevin R. Murphy.
250 _a3rd ed.
260 _aNew York :
_bGuilford Press,
_cc2006.
300 _ax, 165 p. :
_bforms ;
_c28 cm.
650 0 _aAttention-deficit hyperactivity disorder
_xHandbooks, manuals, etc.
650 0 _aAttention-deficit hyperactivity disorder
_xTreatment
_xHandbooks, manuals, etc.
650 0 _aBehavior therapy for children
_xHandbooks, manuals, etc.
700 1 _aMurphy, Kevin R.,
_d1952-
856 4 1 _3Table of contents only
_uhttp://www.loc.gov/catdir/enhancements/fy0662/2006277150-t.html
856 4 2 _3Contributor biographical information
_uhttp://www.loc.gov/catdir/enhancements/fy0834/2006277150-b.html
906 _a7
_bcbc
_corigcop
_d2
_encip
_f20
_gy-gencatlg
942 _2ddc
_cBK
999 _c2437
_d2437